zpět

Detail výsledku týmu

Restaurace v Pivovaře, Poděbrady

Datum a čas kvízu

31.5 Celkem bodů Celkový počet nahraných bodů na tomto kvízu bez doplňovacích otázek.
5. Pořadí na kvízu Konečné umístění týmu na tomto kvízu.

Zaznamenané odpovědi

# Otázka Odpověď Body Výsledky
1. V pondělí se konal ustavující... GEN 1
2. Oblíbená turistická atrakce, 6... v Krakově 0
3. Ministerstvo kultury učinilo d... C) česká pivní kultura 0
4. Jak se nazývá zvířecí znamení... had 1
5. Minulý týden proběhl v estonsk... v krasobruslení 0
6. Začneme největšími společnými... Poupata, Michal David 1
7. Napište anglický dvouslovný ná... step aerobic 1
8. Tato cvičební metoda se snaží... Pilates 1
9. Jógu, přesněji řečeno hatha jó... ásany 0
10. Tato žena se narodila v roce 1... Jane Fonda 1